Campeões europeus de futebol - Statistics

Estatísticas Gerais
  • Esse quiz foi jogado 564 vezes
  • A pontuação média é 9 de 13
Estatísticas das Respostas
Hint Resposta % Correto
14 Real Madrid
100%
5 Barcelona
94%
6 Liverpool
84%
6 Bayern
80%
3 Manchester United
75%
4 Ajax
66%
2 Chelsea
66%
2 Juventus
66%
2 Benfica
63%
2 Porto
61%
7 Milao
47%
2 Nottingham Forest
36%
3 Inter milao
22%
Nenhum quiz correspondente encontrado
Distribuição das Pontuações
Porcentagem de Pessoas com Cada Pontuação
Percentil de Números Respondidos
Sua Pontuação Histórica
Você não jogou esse quiz